000 01121nam0a22003251 4500
001 rc\2223315
005 20110826164149.0
035 _a(NLR Aleph) 006544026
090 _a6667815
_c6667815
100 _a20110826d1978 |||y0rusy50 ca
101 0 _arus
102 _aRU
105 _aa g |||||
200 1 _aСправочник землеустроителя
_f[И.В. Дегтярев, В.П. Троицкий, В.Я. Заплетин и др.]
210 _aМосква
_cРоссельхозиздат
_d1978
215 _a208 с.
_cил.
_d22
300 _aАвт. указаны на обороте тит. л.
606 _aЗемлеустройство
_jСправочники
_2psbo
686 _aУ9(2)320-511.3я2
_2rubbk
686 _a65.9(2)32-5
_2rubbk
701 1 _aЗаплетин
_bВ. Я.
701 1 _aДегтярев
_bИ. В.
_gИван Васильевич
701 1 _aТроицкий
_bВ. П.
801 0 _aRU
_bNLR
_gpsbo
801 1 _aRU
_bELAR
_2rusmarc
852 _aNLR
_j79-5/1948
899 _aRuMoRGB
_jB 79-27/121
899 _aRuMoRGB
_jB 79-27/122
942 _cBOOK
980 _aNB